Statistics for Κουίζ του Φάνη

Click here to take the quiz!

General Stats

  • This quiz has been taken 1 times
  • The average score is 1 of 10

Answer Stats

QuestionAnswer% Correct
Που είναι το πιο μακριά που έχω πάει με ποδηλατο αλλά ΟΧΙ μόνος μου;Ικεα
100%
Στην εκδρομή στην Γερμανία, στο λεωφορείο καθόμουν με τον Γιαουριδη, αυτός συνήθως καθόταν δεξιά ή αριστερά μου;Δεξιά
0%
Σε πιάνου σπίτι έχω μπει τις περισσότερες φορές συνολικά;Στέλιου
0%
Αν ήθελα να εμπιστευτώ κάτι σε κάποιον, ποιον θα διάλεγα;Ρόνι
0%
Από πότε φοράω γυαλιά;Μεγάλα νήπια
0%
Με ποιον έχω βγει πιο πολλές φορές;Γιαουριδη
0%
Με ποιον έχω 2 μέρες διαφορά στην ηλικία;Μουζε
0%
Τι θέλω να σπουδάσωΓεωγραφία
0%
Πότε έχω γενέθλια31 Αυγούστου
0%
Ποια είναι η εθνικότητα μου50% Πόντιος 50% Έλληνας
0%

Score Distribution

Percentile by Number Answered

Percent of People with Each Score

Your Score History

You have not taken this quiz